| 000 | 01138cab a2200421 4500 | ||
|---|---|---|---|
| 001 | ABS57736 | ||
| 008 | 090401t1997 xxu||||| |||| 00| 0 eng d | ||
| 035 | _a(Sirsi) u81541 | ||
| 041 | _aeng | ||
| 245 | _aGreater Manchester | ||
| 260 | _c1997 | ||
| 350 | _a0 | ||
| 490 |
_aInvestors Chronicle _vSurvey, 26 September 1997, 1-88(88) (LOAN) |
||
| 520 | _aAn Investors Chronicle survey covering Greater Manchester as an investment and financial centre. | ||
| 650 | _aAIRPORTS | ||
| 650 |
_aArts and antiques _96217 |
||
| 650 | _aBANKS | ||
| 650 | _aCITY CENTRE | ||
| 650 | _aPROPERTY-COMMERCIAL PROPERTY | ||
| 650 | _aCOMPANY PROFILES | ||
| 650 | _aCONVENTION CENTRES | ||
| 650 | _aDEVELOPMENT AGENCIES | ||
| 650 | _aFINANCIAL CENTRES | ||
| 650 | _aFOOTBALL | ||
| 650 | _aFORENSIC ACCOUNTANTS | ||
| 650 | _aGENTRIFICATION | ||
| 650 | _aGREATER MANCHESTER | ||
| 650 |
_aInsurance _96249 |
||
| 650 | _aINVESTMENT MARKET | ||
| 650 | _aMERGERS | ||
| 650 | _aPFI | ||
| 650 | _aRISK | ||
| 650 | _aSTOCKBROKERS | ||
| 650 | _aWIGAN | ||
| 690 | _aECONOMIC AND SOCIAL | ||
| 942 | _n0 | ||
| 948 | _c20/10/1997 | ||
| 999 |
_c51378 _d51378 |
||